| Tag |
First Indicator |
Second Indicator |
Subfields |
| LEADER |
00000cgm a22000001i 4500 |
| 001 |
in00003585313 |
| 006 |
m o c |
| 007 |
vz uzazuu |
| 007 |
cr una---unuuu |
| 008 |
141003p20142001cau056 o vleng d |
| 005 |
20260324163227.0 |
| 028 |
5 |
2 |
|a 1116005
|b Kanopy
|
| 035 |
|
|
|a (OCoLC)897773834
|
| 035 |
|
|
|a (CaSfKAN)kan1116005
|
| 040 |
|
|
|a UtOrBLW
|b eng
|e rda
|c UtOrBLW
|d UtOrBLW
|
| 245 |
0 |
0 |
|a Taking Pictures /
|c by Les McLaren and Annie Stiven.
|
| 264 |
|
1 |
|a [San Francisco, California, USA] :
|b Kanopy Streaming,
|c 2014.
|
| 300 |
|
|
|a 1 online resource (1 video file, approximately 56 min.) :
|b digital, .flv file, sound
|
| 336 |
|
|
|a two-dimensional moving image
|b tdi
|2 rdacontent
|
| 337 |
|
|
|a computer
|b c
|2 rdamedia
|
| 338 |
|
|
|a online resource
|b cr
|2 rdacarrier
|
| 344 |
|
|
|a digital
|
| 347 |
|
|
|a video file
|b MPEG-4
|b Flash
|
| 490 |
0 |
|
|a Ethnographic Video Online, Volume 1
|
| 500 |
|
|
|a Title from title frames.
|
| 518 |
|
|
|a Originally produced by Documentary Educational Resources in 2001.
|
| 520 |
3 |
|
|a Australia's most internationally renowned documentarists (Kildea, O'Rourke, Connolly/Anderson) are part of a group of expatriates who honed their documentary filmcraft while residents of Papua New Guinea. Their films, brimming with wit and character, capture the energy and contradictions of a country in transition from a backward colony, to a young nation in the modern world.
|
| 538 |
|
|
|a Mode of access: World Wide Web.
|
| 546 |
|
|
|a In English.
|
| 650 |
0 |
4 |
|a Ganiga.
|
| 650 |
0 |
4 |
|a Baruya.
|
| 650 |
0 |
4 |
|a Papua New Guinean.
|
| 650 |
0 |
4 |
|a Australian.
|
| 650 |
|
4 |
|a Ethics.
|
| 650 |
|
4 |
|a Cultural identity.
|
| 650 |
|
4 |
|a Ethnographic methodology.
|
| 650 |
|
4 |
|a Tribal and national groups.
|
| 650 |
|
4 |
|a Filmmaking.
|
| 650 |
|
4 |
|a Films and filmmaking careers.
|
| 655 |
|
7 |
|a Internet videos.
|2 lcgft
|0 http://id.loc.gov/authorities/genreForms/gf2011026337
|
| 655 |
|
7 |
|a Nonfiction films.
|2 lcgft
|0 http://id.loc.gov/authorities/genreForms/gf2011026423
|
| 700 |
1 |
|
|a McLaren, Les,
|e producer,
|e author,
|e film director,
|e narrator.
|0 http://id.loc.gov/authorities/names/n97842131
|
| 700 |
1 |
|
|a Stiven, Annie,
|e producer,
|e author.
|0 http://id.loc.gov/authorities/names/no98085275
|
| 700 |
1 |
|
|a Anderson, Robin,
|e contributor.
|0 http://id.loc.gov/authorities/names/no2007079289
|
| 700 |
1 |
|
|a Connolly, Bob,
|e contributor.
|0 http://id.loc.gov/authorities/names/n83301158
|
| 700 |
1 |
|
|a Dunlop, Ian,
|e contributor.
|
| 700 |
1 |
|
|a Kildea, Gary,
|e contributor.
|0 http://id.loc.gov/authorities/names/n85218722
|
| 700 |
1 |
|
|a Owen, Chris,
|e contributor.
|0 http://id.loc.gov/authorities/names/n2014011365
|
| 700 |
1 |
|
|a O'Rourke, Dennis,
|e contributor.
|0 http://id.loc.gov/authorities/names/n89104411
|
| 710 |
2 |
|
|a Kanopy (Firm)
|0 http://id.loc.gov/authorities/names/no2014091415
|
| 773 |
0 |
|
|d Watertown, MA : Documentary Educational Resources (DER), 2001
|
| 856 |
4 |
0 |
|u http://proxy.library.tamu.edu/login?url=https://texasam.kanopystreaming.com/node/116006
|z Connect to this streaming video
|t 0
|
| 999 |
f |
f |
|s 224161e8-042c-33ea-9280-06c1dd7ce286
|i 0c610e9e-7cd1-37ca-8a0c-c28cbf12a730
|t 0
|
| 952 |
f |
f |
|a Texas A&M University
|b College Station
|c Electronic Resources
|s www_evans
|d Available Online
|t 0
|h No information provided
|
| 998 |
f |
f |
|t 0
|l Available Online
|